Russian Oblasts Ending in Words That Mean "City" on a Map - Statistics

General Stats
  • This quiz has been taken 196 times
  • The average score is 8 of 10
Answers on the Map
Answers color-coded by a green-red scale on the quiz's map according to % correct below.
 
Answer Stats
Oblast/Krai/City % Correct
Kaliningrad Oblast
93%
Sevastopol
93%
Saint Petersburg
91%
Volgograd Oblast
86%
Leningrad Oblast
79%
Novgorod Oblast
79%
Nizhny Novgorod Oblast
78%
Orenburg Oblast
74%
Belgorod Oblast
73%
Stavropol Krai
64%
No matching quizzes found
Score Distribution
Percent of People with Each Score
Percentile by Number Answered
Your Score History
You have not taken this quiz